000 00669nam a2200241Ia 4500
003 OSt
005 20221007081831.0
006 a|||||r|||| 00| 0
007 ta
008 221006b |||||||| |||| 00| 0 eng d
024 _a44,425
037 _cTextual
040 _aFLL
_cFLL
_beng
041 _2eng
_aeng
082 _aX:(Z1), Q6
100 _aHAPPOLD Mathew
_9698160
245 0 _aEconomic sanctions and International law
260 _aPortland,
_bOregon Hart Publishing USA
_c2016
300 _axxxvii,262p.
_ccm.
700 _a EDEN Paul
_9698161
942 _hX:(Z1), Q6
_cTEXL
_2CC
999 _c1164426
_d1164426